<?xml version="1.0" encoding="UTF-8"?>
<record
    xmlns:xsi="http://www.w3.org/2001/XMLSchema-instance"
    xsi:schemaLocation="http://www.loc.gov/MARC21/slim http://www.loc.gov/standards/marcxml/schema/MARC21slim.xsd"
    xmlns="http://www.loc.gov/MARC21/slim">

  <leader>00441nam a2200169   4500</leader>
  <controlfield tag="003">SEACOMEC</controlfield>
  <controlfield tag="005">20250320140804.0</controlfield>
  <controlfield tag="008">250320b        |||||||| |||| 00| 0 eng d</controlfield>
  <datafield tag="020" ind1=" " ind2=" ">
    <subfield code="a">818574968X,</subfield>
    <subfield code="c">295.00</subfield>
  </datafield>
  <datafield tag="040" ind1=" " ind2=" ">
    <subfield code="a">SEACOMEC</subfield>
  </datafield>
  <datafield tag="082" ind1=" " ind2=" ">
    <subfield code="a">620.11015</subfield>
    <subfield code="b">R161</subfield>
  </datafield>
  <datafield tag="100" ind1=" " ind2=" ">
    <subfield code="a">Rajput, R K </subfield>
  </datafield>
  <datafield tag="245" ind1=" " ind2=" ">
    <subfield code="a">Material Science And Engineering/ </subfield>
    <subfield code="c">RK Rajput</subfield>
  </datafield>
  <datafield tag="250" ind1=" " ind2=" ">
    <subfield code="a">3rd ed</subfield>
  </datafield>
  <datafield tag="260" ind1=" " ind2=" ">
    <subfield code="a">New Delhi :</subfield>
    <subfield code="b">S. K. Kataria &amp; Sons,</subfield>
    <subfield code="c">2004</subfield>
  </datafield>
  <datafield tag="942" ind1=" " ind2=" ">
    <subfield code="c">BOOK</subfield>
  </datafield>
  <datafield tag="952" ind1=" " ind2=" ">
    <subfield code="0">0</subfield>
    <subfield code="1">0</subfield>
    <subfield code="2">ddc</subfield>
    <subfield code="4">0</subfield>
    <subfield code="7">0</subfield>
    <subfield code="a">SEACOMEC</subfield>
    <subfield code="b">SEACOMEC</subfield>
    <subfield code="d">2009-04-18</subfield>
    <subfield code="l">0</subfield>
    <subfield code="o">620.11015 R161</subfield>
    <subfield code="p">14548</subfield>
    <subfield code="r">2025-03-20 14:08:34</subfield>
    <subfield code="w">2025-03-20</subfield>
    <subfield code="y">REF</subfield>
  </datafield>
  <datafield tag="952" ind1=" " ind2=" ">
    <subfield code="0">0</subfield>
    <subfield code="1">0</subfield>
    <subfield code="2">ddc</subfield>
    <subfield code="4">0</subfield>
    <subfield code="7">0</subfield>
    <subfield code="a">SEACOMEC</subfield>
    <subfield code="b">SEACOMEC</subfield>
    <subfield code="d">2009-04-18</subfield>
    <subfield code="l">0</subfield>
    <subfield code="o">620.11015 R161</subfield>
    <subfield code="p">14549</subfield>
    <subfield code="r">2025-03-20 14:08:34</subfield>
    <subfield code="t">1</subfield>
    <subfield code="w">2025-03-20</subfield>
    <subfield code="y">BOOK</subfield>
  </datafield>
  <datafield tag="952" ind1=" " ind2=" ">
    <subfield code="0">0</subfield>
    <subfield code="1">0</subfield>
    <subfield code="2">ddc</subfield>
    <subfield code="4">0</subfield>
    <subfield code="7">0</subfield>
    <subfield code="a">SEACOMEC</subfield>
    <subfield code="b">SEACOMEC</subfield>
    <subfield code="d">2009-04-18</subfield>
    <subfield code="l">0</subfield>
    <subfield code="o">620.11015 R161</subfield>
    <subfield code="p">14550</subfield>
    <subfield code="r">2025-03-20 14:08:34</subfield>
    <subfield code="t">2</subfield>
    <subfield code="w">2025-03-20</subfield>
    <subfield code="y">BOOK</subfield>
  </datafield>
  <datafield tag="952" ind1=" " ind2=" ">
    <subfield code="0">0</subfield>
    <subfield code="1">0</subfield>
    <subfield code="2">ddc</subfield>
    <subfield code="4">0</subfield>
    <subfield code="7">0</subfield>
    <subfield code="a">SEACOMEC</subfield>
    <subfield code="b">SEACOMEC</subfield>
    <subfield code="d">2009-04-18</subfield>
    <subfield code="l">0</subfield>
    <subfield code="o">620.11015 R161</subfield>
    <subfield code="p">14551</subfield>
    <subfield code="r">2025-03-20 14:08:34</subfield>
    <subfield code="t">3</subfield>
    <subfield code="w">2025-03-20</subfield>
    <subfield code="y">BOOK</subfield>
  </datafield>
  <datafield tag="952" ind1=" " ind2=" ">
    <subfield code="0">0</subfield>
    <subfield code="1">0</subfield>
    <subfield code="2">ddc</subfield>
    <subfield code="4">0</subfield>
    <subfield code="7">0</subfield>
    <subfield code="a">SEACOMEC</subfield>
    <subfield code="b">SEACOMEC</subfield>
    <subfield code="d">2009-04-18</subfield>
    <subfield code="l">0</subfield>
    <subfield code="o">620.11015 R161</subfield>
    <subfield code="p">14552</subfield>
    <subfield code="r">2025-03-20 14:08:34</subfield>
    <subfield code="t">4</subfield>
    <subfield code="w">2025-03-20</subfield>
    <subfield code="y">BOOK</subfield>
  </datafield>
  <datafield tag="952" ind1=" " ind2=" ">
    <subfield code="0">0</subfield>
    <subfield code="1">0</subfield>
    <subfield code="2">ddc</subfield>
    <subfield code="4">0</subfield>
    <subfield code="7">0</subfield>
    <subfield code="a">SEACOMEC</subfield>
    <subfield code="b">SEACOMEC</subfield>
    <subfield code="d">2009-04-18</subfield>
    <subfield code="l">0</subfield>
    <subfield code="o">620.11015 R161</subfield>
    <subfield code="p">14553</subfield>
    <subfield code="r">2025-03-20 14:08:34</subfield>
    <subfield code="t">5</subfield>
    <subfield code="w">2025-03-20</subfield>
    <subfield code="y">BOOK</subfield>
  </datafield>
  <datafield tag="952" ind1=" " ind2=" ">
    <subfield code="0">0</subfield>
    <subfield code="1">0</subfield>
    <subfield code="2">ddc</subfield>
    <subfield code="4">0</subfield>
    <subfield code="7">0</subfield>
    <subfield code="a">SEACOMEC</subfield>
    <subfield code="b">SEACOMEC</subfield>
    <subfield code="d">2009-04-18</subfield>
    <subfield code="l">0</subfield>
    <subfield code="o">620.11015 R161</subfield>
    <subfield code="p">14554</subfield>
    <subfield code="r">2025-03-20 14:08:34</subfield>
    <subfield code="t">6</subfield>
    <subfield code="w">2025-03-20</subfield>
    <subfield code="y">BOOK</subfield>
  </datafield>
  <datafield tag="952" ind1=" " ind2=" ">
    <subfield code="0">0</subfield>
    <subfield code="1">0</subfield>
    <subfield code="2">ddc</subfield>
    <subfield code="4">0</subfield>
    <subfield code="7">0</subfield>
    <subfield code="a">SEACOMEC</subfield>
    <subfield code="b">SEACOMEC</subfield>
    <subfield code="d">2009-04-18</subfield>
    <subfield code="l">0</subfield>
    <subfield code="o">620.11015 R161</subfield>
    <subfield code="p">14555</subfield>
    <subfield code="r">2025-03-20 14:08:34</subfield>
    <subfield code="t">7</subfield>
    <subfield code="w">2025-03-20</subfield>
    <subfield code="y">BOOK</subfield>
  </datafield>
  <datafield tag="952" ind1=" " ind2=" ">
    <subfield code="0">0</subfield>
    <subfield code="1">0</subfield>
    <subfield code="2">ddc</subfield>
    <subfield code="4">0</subfield>
    <subfield code="7">0</subfield>
    <subfield code="a">SEACOMEC</subfield>
    <subfield code="b">SEACOMEC</subfield>
    <subfield code="d">2009-04-18</subfield>
    <subfield code="l">0</subfield>
    <subfield code="o">620.11015 R161</subfield>
    <subfield code="p">14556</subfield>
    <subfield code="r">2025-03-20 14:08:34</subfield>
    <subfield code="t">8</subfield>
    <subfield code="w">2025-03-20</subfield>
    <subfield code="y">BOOK</subfield>
  </datafield>
  <datafield tag="952" ind1=" " ind2=" ">
    <subfield code="0">0</subfield>
    <subfield code="1">0</subfield>
    <subfield code="2">ddc</subfield>
    <subfield code="4">0</subfield>
    <subfield code="7">0</subfield>
    <subfield code="a">SEACOMEC</subfield>
    <subfield code="b">SEACOMEC</subfield>
    <subfield code="d">2009-04-18</subfield>
    <subfield code="l">0</subfield>
    <subfield code="o">620.11015 R161</subfield>
    <subfield code="p">14557</subfield>
    <subfield code="r">2025-03-20 14:08:34</subfield>
    <subfield code="t">9</subfield>
    <subfield code="w">2025-03-20</subfield>
    <subfield code="y">BOOK</subfield>
  </datafield>
  <datafield tag="952" ind1=" " ind2=" ">
    <subfield code="0">0</subfield>
    <subfield code="1">0</subfield>
    <subfield code="2">ddc</subfield>
    <subfield code="4">0</subfield>
    <subfield code="7">0</subfield>
    <subfield code="a">SEACOMEC</subfield>
    <subfield code="b">SEACOMEC</subfield>
    <subfield code="d">2011-03-17</subfield>
    <subfield code="l">0</subfield>
    <subfield code="o">620.11015 R161</subfield>
    <subfield code="p">18483</subfield>
    <subfield code="r">2025-03-20 14:14:50</subfield>
    <subfield code="t">10</subfield>
    <subfield code="w">2025-03-20</subfield>
    <subfield code="y">BOOK</subfield>
  </datafield>
  <datafield tag="952" ind1=" " ind2=" ">
    <subfield code="0">0</subfield>
    <subfield code="1">0</subfield>
    <subfield code="2">ddc</subfield>
    <subfield code="4">0</subfield>
    <subfield code="7">0</subfield>
    <subfield code="a">SEACOMEC</subfield>
    <subfield code="b">SEACOMEC</subfield>
    <subfield code="d">2011-03-17</subfield>
    <subfield code="l">0</subfield>
    <subfield code="o">620.11015 R161</subfield>
    <subfield code="p">18484</subfield>
    <subfield code="r">2025-03-20 14:14:50</subfield>
    <subfield code="t">11</subfield>
    <subfield code="w">2025-03-20</subfield>
    <subfield code="y">BOOK</subfield>
  </datafield>
  <datafield tag="952" ind1=" " ind2=" ">
    <subfield code="0">0</subfield>
    <subfield code="1">0</subfield>
    <subfield code="2">ddc</subfield>
    <subfield code="4">0</subfield>
    <subfield code="7">0</subfield>
    <subfield code="a">SEACOMEC</subfield>
    <subfield code="b">SEACOMEC</subfield>
    <subfield code="d">2011-03-17</subfield>
    <subfield code="l">0</subfield>
    <subfield code="o">620.11015 R161</subfield>
    <subfield code="p">18485</subfield>
    <subfield code="r">2025-03-20 14:14:50</subfield>
    <subfield code="t">12</subfield>
    <subfield code="w">2025-03-20</subfield>
    <subfield code="y">BOOK</subfield>
  </datafield>
  <datafield tag="952" ind1=" " ind2=" ">
    <subfield code="0">0</subfield>
    <subfield code="1">0</subfield>
    <subfield code="2">ddc</subfield>
    <subfield code="4">0</subfield>
    <subfield code="7">0</subfield>
    <subfield code="a">SEACOMEC</subfield>
    <subfield code="b">SEACOMEC</subfield>
    <subfield code="d">2011-03-17</subfield>
    <subfield code="l">0</subfield>
    <subfield code="o">620.11015 R161</subfield>
    <subfield code="p">18486</subfield>
    <subfield code="r">2025-03-20 14:14:50</subfield>
    <subfield code="t">13</subfield>
    <subfield code="w">2025-03-20</subfield>
    <subfield code="y">BOOK</subfield>
  </datafield>
  <datafield tag="952" ind1=" " ind2=" ">
    <subfield code="0">0</subfield>
    <subfield code="1">0</subfield>
    <subfield code="2">ddc</subfield>
    <subfield code="4">0</subfield>
    <subfield code="7">0</subfield>
    <subfield code="a">SEACOMEC</subfield>
    <subfield code="b">SEACOMEC</subfield>
    <subfield code="d">2011-03-17</subfield>
    <subfield code="l">0</subfield>
    <subfield code="o">620.11015 R161</subfield>
    <subfield code="p">18487</subfield>
    <subfield code="r">2025-03-20 14:14:50</subfield>
    <subfield code="t">14</subfield>
    <subfield code="w">2025-03-20</subfield>
    <subfield code="y">BOOK</subfield>
  </datafield>
  <datafield tag="952" ind1=" " ind2=" ">
    <subfield code="0">0</subfield>
    <subfield code="1">0</subfield>
    <subfield code="2">ddc</subfield>
    <subfield code="4">0</subfield>
    <subfield code="7">0</subfield>
    <subfield code="a">SEACOMEC</subfield>
    <subfield code="b">SEACOMEC</subfield>
    <subfield code="d">2011-03-17</subfield>
    <subfield code="l">0</subfield>
    <subfield code="o">620.11015 R161</subfield>
    <subfield code="p">18488</subfield>
    <subfield code="r">2025-03-20 14:14:50</subfield>
    <subfield code="t">15</subfield>
    <subfield code="w">2025-03-20</subfield>
    <subfield code="y">BOOK</subfield>
  </datafield>
  <datafield tag="952" ind1=" " ind2=" ">
    <subfield code="0">0</subfield>
    <subfield code="1">0</subfield>
    <subfield code="2">ddc</subfield>
    <subfield code="4">0</subfield>
    <subfield code="7">0</subfield>
    <subfield code="a">SEACOMEC</subfield>
    <subfield code="b">SEACOMEC</subfield>
    <subfield code="d">2011-03-17</subfield>
    <subfield code="l">0</subfield>
    <subfield code="o">620.11015 R161</subfield>
    <subfield code="p">18489</subfield>
    <subfield code="r">2025-03-20 14:14:50</subfield>
    <subfield code="t">16</subfield>
    <subfield code="w">2025-03-20</subfield>
    <subfield code="y">BOOK</subfield>
  </datafield>
  <datafield tag="952" ind1=" " ind2=" ">
    <subfield code="0">0</subfield>
    <subfield code="1">0</subfield>
    <subfield code="2">ddc</subfield>
    <subfield code="4">0</subfield>
    <subfield code="7">0</subfield>
    <subfield code="a">SEACOMEC</subfield>
    <subfield code="b">SEACOMEC</subfield>
    <subfield code="d">2011-03-17</subfield>
    <subfield code="l">0</subfield>
    <subfield code="o">620.11015 R161</subfield>
    <subfield code="p">18490</subfield>
    <subfield code="r">2025-03-20 14:14:50</subfield>
    <subfield code="t">17</subfield>
    <subfield code="w">2025-03-20</subfield>
    <subfield code="y">BOOK</subfield>
  </datafield>
  <datafield tag="952" ind1=" " ind2=" ">
    <subfield code="0">0</subfield>
    <subfield code="1">0</subfield>
    <subfield code="2">ddc</subfield>
    <subfield code="4">0</subfield>
    <subfield code="7">0</subfield>
    <subfield code="a">SEACOMEC</subfield>
    <subfield code="b">SEACOMEC</subfield>
    <subfield code="d">2011-03-17</subfield>
    <subfield code="l">0</subfield>
    <subfield code="o">620.11015 R161</subfield>
    <subfield code="p">18491</subfield>
    <subfield code="r">2025-03-20 14:14:50</subfield>
    <subfield code="t">18</subfield>
    <subfield code="w">2025-03-20</subfield>
    <subfield code="y">BOOK</subfield>
  </datafield>
  <datafield tag="952" ind1=" " ind2=" ">
    <subfield code="0">0</subfield>
    <subfield code="1">0</subfield>
    <subfield code="2">ddc</subfield>
    <subfield code="4">0</subfield>
    <subfield code="7">0</subfield>
    <subfield code="a">SEACOMEC</subfield>
    <subfield code="b">SEACOMEC</subfield>
    <subfield code="d">2011-03-17</subfield>
    <subfield code="l">0</subfield>
    <subfield code="o">620.11015 R161</subfield>
    <subfield code="p">18492</subfield>
    <subfield code="r">2025-03-20 14:14:50</subfield>
    <subfield code="t">19</subfield>
    <subfield code="w">2025-03-20</subfield>
    <subfield code="y">BOOK</subfield>
  </datafield>
  <datafield tag="999" ind1=" " ind2=" ">
    <subfield code="c">2100</subfield>
    <subfield code="d">2100</subfield>
  </datafield>
</record>
